[Event "Hasselbacken Open 2016"]
[Site "Stockholm SWE"]
[Date "2016.04.30"]
[Round "1.28"]
[White "Green, Per"]
[Black "Greenfeld, Alon"]
[Result "0-1"]
[BlackTitle "GM"]
[WhiteElo "1973"]
[BlackElo "2541"]
[WhiteFideId "1703811"]
[BlackFideId "2800039"]
[EventDate "2016.04.30"]

1. d4 Nf6 2. Nf3 c5 3. d5 g6 4. Nc3 Bg7 5. e4 d6 6. Bb5+ Bd7 7. a4 O-O 8. h3 e6
9. dxe6 Bxe6 10. O-O a6 11. Be2 Nc6 12. Be3 Qb6 13. Qd2 Qb4 14. Ng5 Nd4 15. Rfe1
Qxb2 16. Nxe6 fxe6 17. Ra2 Nxe2+ 18. Rxe2 Qb4 19. Qe1 Nh5 20. Bd2 Nf4 21. Re3
Bd4 22. Nd1 Qc4 23. Rea3 Rf7 24. Ne3 Qe2 25. Qxe2 Nxe2+ 26. Kf1 Ng3+ 0-1

[Event "Hasselbacken Open 2016"]
[Site "Stockholm SWE"]
[Date "2016.04.30"]
[Round "1.29"]
[White "Libiszewski, Fabien"]
[Black "Bostrom, Henrik"]
[Result "1-0"]
[WhiteTitle "GM"]
[WhiteElo "2520"]
[BlackElo "1970"]
[WhiteFideId "616834"]
[BlackFideId "1722131"]
[EventDate "2016.04.30"]

1. e4 c5 2. Nf3 Nc6 3. Bb5 e6 4. O-O Nge7 5. d4 cxd4 6. Nxd4 a6 7. Be2 Nxd4 8.
Qxd4 Nc6 9. Qc3 Qf6 10. Qxf6 gxf6 11. a4 Bc5 12. Na3 Rg8 13. c3 Ne5 14. b4 Ba7
15. Rd1 Ke7 16. Bf1 d5 17. exd5 exd5 18. Nc2 Bd7 19. Be3 Bc6 20. Bxa7 Rxa7 21.
Ne3 Rd8 22. f4 Nc4 23. Bxc4 dxc4 24. f5 Rxd1+ 25. Rxd1 Bd7 26. Nd5+ Kf8 27. Nb6
Bxf5 28. a5 Bd3 29. Kf2 Kg7 30. Ke3 f5 31. Kf4 Kf6 32. Re1 Be4 33. g4 h6 34. h4
Bd3 35. g5+ hxg5+ 36. hxg5+ Kg7 37. Re8 Kh7 38. Rb8 1-0

[Event "Hasselbacken Open 2016"]
[Site "Stockholm SWE"]
[Date "2016.04.30"]
[Round "1.30"]
[White "Verendel, Jan"]
[Black "Mikhalevski, Victor"]
[Result "0-1"]
[BlackTitle "GM"]
[WhiteElo "1971"]
[BlackElo "2516"]
[WhiteFideId "1708287"]
[BlackFideId "2801914"]
[EventDate "2016.04.30"]

1. d4 Nf6 2. c4 g6 3. Nc3 d5 4. Bg5 Bg7 5. Bxf6 Bxf6 6. cxd5 c5 7. dxc6 Nxc6 8.
e3 O-O 9. Nf3 Qa5 10. Be2 e5 11. dxe5 Nxe5 12. Nd4 Nc6 13. Nxc6 Bxc3+ 14. bxc3
Qxc3+ 15. Kf1 Qxc6 16. Rc1 Qf6 17. Bc4 Bf5 18. Qb3 Rad8 19. Ke2 Qg5 20. Rhg1 b5
21. Bxb5 Rb8 22. h4 Qh5+ 23. Ke1 Bg4 24. f3 Be6 25. Qa4 Rxb5 26. Rc2 Rfb8 27.
Ke2 Rb4 28. Qxa7 Qxh4 29. Rgc1 Rb2 30. Qc7 Bc4+ 31. Kd2 Qf2+ 32. Kc3 Qxe3+ 33.
Kxc4 R2b4+ 34. Kd5 Qd4+ 35. Kc6 R8b6+ 36. Qxb6 Rxb6+ 0-1

[Event "Hasselbacken Open 2016"]
[Site "Stockholm SWE"]
[Date "2016.04.30"]
[Round "1.31"]
[White "Blomqvist, Erik"]
[Black "Zemlicka, Vit"]
[Result "1-0"]
[WhiteTitle "GM"]
[WhiteElo "2515"]
[BlackElo "1970"]
[WhiteFideId "1709437"]
[BlackFideId "303143"]
[EventDate "2016.04.30"]

1. e4 e5 2. Nf3 Nc6 3. Bb5 a6 4. Ba4 Nf6 5. O-O Be7 6. d3 b5 7. Bb3 O-O 8. Nc3
d6 9. a3 Bg4 10. Be3 Nd4 11. Bxd4 exd4 12. Nd5 c5 13. h3 Be6 14. Nxf6+ Bxf6 15.
Bxe6 fxe6 16. Qe2 Qc7 17. a4 Qf7 18. Ra2 Be5 19. axb5 axb5 20. Rfa1 Rxa2 21.
Rxa2 Qb7 22. Ng5 h6 23. Nf3 Ra8 24. Rxa8+ Qxa8 25. Qd1 Bf6 26. g3 Qa7 27. h4 Qa2
28. b3 Qa5 29. Kg2 Qa8 30. Ng1 Qa2 31. Nh3 Be5 32. Qe2 Qa8 33. Qh5 c4 34. f4
cxd3 35. cxd3 Qa2+ 36. Nf2 Bxf4 37. gxf4 Qxb3 38. Qe8+ Kh7 39. Qd7 b4 40. f5
exf5 41. exf5 Kh8 42. Qxd6 Qc3 43. f6 gxf6 44. Qxf6+ Kh7 45. h5 Qd2 46. Qe7+ Kh8
47. Qd8+ Kh7 48. Qxd4 Qc3 49. Qxc3 1-0

[Event "Hasselbacken Open 2016"]
[Site "Stockholm SWE"]
[Date "2016.04.30"]
[Round "1.32"]
[White "Kyrkjebo, Hanna B."]
[Black "Smith, Axel"]
[Result "0-1"]
[BlackTitle "IM"]
[WhiteElo "1969"]
[BlackElo "2503"]
[WhiteFideId "1511599"]
[BlackFideId "1707930"]
[EventDate "2016.04.30"]

1. e4 c5 2. Nc3 e6 3. Nge2 Nc6 4. g3 Nf6 5. Bg2 Be7 6. O-O O-O 7. d3 d5 8. exd5
exd5 9. Nf4 Bg4 10. f3 Bf5 11. g4 Bc8 12. Nce2 b5 13. Ng3 a5 14. Be3 d4 15. Bf2
Bd6 16. Nge2 Bb7 17. Bg3 Nb4 18. Qd2 h6 19. Bf2 Qc7 20. Kh1 Nbd5 21. Nxd5 Nxd5
22. Ng3 Bf4 23. Qd1 Rae8 24. Re1 Ne3 25. Bxe3 dxe3 26. Nf1 f5 27. Re2 Qc8 28. h3
Qa8 29. Nh2 Bxh2 30. Kxh2 Bxf3 31. Bxf3 Qxf3 32. Qf1 fxg4 33. Ree1 g3+ 34. Kg1
Qf2+ 35. Qxf2 exf2+ 0-1

[Event "Hasselbacken Open 2016"]
[Site "Stockholm SWE"]
[Date "2016.04.30"]
[Round "1.33"]
[White "Kjartansson, Gudmundur"]
[Black "Magnussen, Pal"]
[Result "1-0"]
[WhiteTitle "IM"]
[WhiteElo "2457"]
[BlackElo "1969"]
[WhiteFideId "2301318"]
[BlackFideId "1711814"]
[EventDate "2016.04.30"]

1. Nf3 Nf6 2. c4 c5 3. g3 g6 4. Bg2 Bg7 5. Nc3 d5 6. cxd5 Nxd5 7. O-O Nc6 8.
Nxd5 Qxd5 9. d3 O-O 10. Be3 Qd6 11. Rc1 b6 12. d4 c4 13. Ne5 Bb7 14. Nxc4 Qd7
15. Qd2 Rfd8 16. d5 Ne5 17. Rfd1 h5 18. Nxe5 Bxe5 19. Bf4 Bxf4 20. Qxf4 Rac8 21.
e4 Rxc1 22. Rxc1 Rc8 23. Rxc8+ Qxc8 24. h4 Ba6 25. Kh2 Bd3 26. Qe5 Qc5 27. Qc3
Qb5 28. e5 Bf5 29. Kg1 a5 30. a3 a4 31. Qb4 Qe2 32. Qxe7 Qe1+ 33. Kh2 Qxf2 34.
e6 Bd3 35. exf7+ Qxf7 36. Qd8+ Kg7 37. Qxb6 Qd7 38. Qd4+ 1-0

[Event "Hasselbacken Open 2016"]
[Site "Stockholm SWE"]
[Date "2016.04.30"]
[Round "1.35"]
[White "Brunner, Nicolas"]
[Black "Degerfeldt, Sven"]
[Result "1-0"]
[WhiteTitle "IM"]
[WhiteElo "2447"]
[BlackElo "1966"]
[WhiteFideId "620246"]
[BlackFideId "1717430"]
[EventDate "2016.04.30"]

1. d4 d5 2. c4 e6 3. Nc3 Nf6 4. Nf3 c6 5. Bg5 Be7 6. e3 Nbd7 7. Qc2 O-O 8. Rd1
b6 9. Bd3 h6 10. Bh4 Bb7 11. O-O Rc8 12. Qe2 dxc4 13. Bxc4 b5 14. Bd3 b4 15. Na4
Qa5 16. b3 c5 17. Ne5 Nxe5 18. dxe5 Nd5 19. Bxe7 Nxe7 20. Nb2 Nd5 21. Nc4 Qc7
22. Qh5 Qe7 23. Nd6 Rcd8 24. Rd2 Bc6 25. Be4 f5 26. Bxd5 Bxd5 27. Rc1 Rxd6 28.
exd6 Qxd6 29. Rdc2 Rc8 30. f3 Kh7 31. Qh4 a5 32. Qf4 Qb6 33. Qe5 a4 34. h3 axb3
35. axb3 c4 36. bxc4 b3 37. Rd2 Qb4 38. Rxd5 exd5 39. Qxf5+ 1-0

[Event "Hasselbacken Open 2016"]
[Site "Stockholm SWE"]
[Date "2016.04.30"]
[Round "1.36"]
[White "Nakken, Roar E."]
[Black "Anurag, Mhamal"]
[Result "0-1"]
[BlackTitle "IM"]
[WhiteElo "1966"]
[BlackElo "2421"]
[WhiteFideId "1504894"]
[BlackFideId "5024366"]
[EventDate "2016.04.30"]

1. e4 c5 2. Nf3 e6 3. d4 cxd4 4. Nxd4 a6 5. Nc3 b5 6. g3 Bb7 7. Bg2 Nf6 8. O-O
b4 9. Nd5 exd5 10. exd5 Bc5 11. Re1+ Kf8 12. Nf5 d6 13. Bf4 Bc8 14. Nd4 h6 15.
Qd2 g5 16. Nc6 Nxc6 17. dxc6 gxf4 18. c7 Qxc7 19. Bxa8 fxg3 20. hxg3 d5 21. Kg2
Be6 22. Qe2 Qc8 23. Qe5 Kg7 24. g4 Qxa8 25. g5 hxg5 26. Qxg5+ Kf8 27. Qxf6 d4+
28. f3 Rg8+ 29. Kh1 Be7 30. Qf4 Rg4 31. Qh6+ Kg8 32. Rxe6 Qxf3+ 0-1

[Event "Hasselbacken Open 2016"]
[Site "Stockholm SWE"]
[Date "2016.04.30"]
[Round "1.37"]
[White "Almasi, Istvan"]
[Black "Johansson, Lennart B"]
[Result "1-0"]
[WhiteTitle "IM"]
[WhiteElo "2420"]
[BlackElo "1965"]
[WhiteFideId "701742"]
[BlackFideId "1721020"]
[EventDate "2016.04.30"]

1. Nf3 e6 2. g3 f5 3. Bg2 Nf6 4. O-O Be7 5. c4 O-O 6. Nc3 d6 7. d3 Qe8 8. e4 e5
9. c5 fxe4 10. dxe4 Na6 11. cxd6 Bxd6 12. Bg5 Be6 13. Rc1 Qh5 14. h4 h6 15. Bxf6
Rxf6 16. Nb5 Raf8 17. Nxd6 cxd6 18. Qxd6 Bc4 19. Qxe5 Qf7 20. Nd4 Bxf1 21. Bxf1
Kh8 22. Nf5 Qh5 23. Bc4 g6 24. Bxa6 bxa6 25. Rc8 1-0

[Event "Hasselbacken Open 2016"]
[Site "Stockholm SWE"]
[Date "2016.04.30"]
[Round "1.38"]
[White "Evertsson, Rune"]
[Black "Christiansen, Johan-Sebastian"]
[Result "0-1"]
[BlackTitle "IM"]
[WhiteElo "1961"]
[BlackElo "2410"]
[WhiteFideId "1704184"]
[BlackFideId "1512668"]
[EventDate "2016.04.30"]

1. e4 e6 2. d4 d5 3. Nd2 c5 4. exd5 Qxd5 5. Ngf3 cxd4 6. Bc4 Qd6 7. O-O Nf6 8.
Nb3 Nc6 9. Nbxd4 Nxd4 10. Qxd4 Qxd4 11. Nxd4 Bd7 12. Bf4 Rc8 13. Bb3 Bc5 14.
Rad1 O-O 15. Rfe1 a5 16. a4 Rfd8 17. c3 Be8 18. Nb5 Bc6 19. Be3 Bxe3 20. Rxe3
Rxd1+ 21. Bxd1 Bxb5 22. axb5 Rd8 23. Be2 Kf8 24. Rd3 Rxd3 25. Bxd3 Ke7 26. Kf1
Kd6 27. Ke2 Kc5 28. h3 h6 29. Kd2 b6 30. b3 Nd5 31. Kc2 Nc7 32. c4 Kb4 33. Kb2
Ne8 34. Be4 Nd6 35. Bd3 Nb7 36. Bc2 a4 37. bxa4 Kxc4 38. g3 Kb4 39. Be4 Nc5 40.
Bc6 Nxa4+ 41. Kc2 Nc3 42. Be8 f6 43. Bf7 Nxb5 44. Kd3 e5 45. f4 e4+ 46. Ke3 Nd6
47. Bd5 Kc3 0-1

[Event "Hasselbacken Open 2016"]
[Site "Stockholm SWE"]
[Date "2016.04.30"]
[Round "1.39"]
[White "Liang, Awonder"]
[Black "Aura, Kristian"]
[Result "1/2-1/2"]
[WhiteTitle "IM"]
[WhiteElo "2410"]
[BlackElo "1960"]
[WhiteFideId "2056437"]
[BlackFideId "505633"]
[EventDate "2016.04.30"]

1. c4 e6 2. Nf3 d5 3. b3 Nf6 4. g3 Bd6 5. Bg2 O-O 6. O-O c6 7. Bb2 Nbd7 8. d3 e5
9. Nbd2 Re8 10. cxd5 Nxd5 11. e4 N5b6 12. d4 Qe7 13. Qc2 a5 14. Nc4 Nxc4 15.
bxc4 exd4 16. Nxd4 Nc5 17. Rae1 Be6 18. f4 f6 19. Kh1 Rad8 20. Nf3 Qd7 21. f5
Bf7 22. g4 Bb8 23. Bd4 Qd6 24. Rd1 Qe7 25. Rde1 Qd6 26. Re3 Nd7 27. Bb2 Qf4 28.
Rd3 Nc5 29. Rxd8 Rxd8 30. e5 fxe5 31. Nxe5 Qd2 32. Qxd2 Rxd2 33. Bc3 Rxa2 34.
Rd1 Bc7 35. g5 Rc2 36. Bd4 Nb3 37. Bg1 Rd2 38. Rb1 a4 39. Nxf7 Kxf7 40. c5 1/2-1/2

[Event "Hasselbacken Open 2016"]
[Site "Stockholm SWE"]
[Date "2016.04.30"]
[Round "1.40"]
[White "Petersson, Baldur Teodor"]
[Black "Stark, Lars"]
[Result "0-1"]
[BlackTitle "IM"]
[WhiteElo "1966"]
[BlackElo "2409"]
[WhiteFideId "2309157"]
[BlackFideId "4676386"]
[EventDate "2016.04.30"]

1. e4 e6 2. b3 d5 3. Bb2 Nf6 4. e5 Nfd7 5. f4 c5 6. Nf3 Nc6 7. Be2 Be7 8. O-O
O-O 9. Qe1 f5 10. Kh1 Rf7 11. Rg1 Nf8 12. Qf2 Ng6 13. g3 b6 14. d4 Bb7 15. Nbd2
Rc8 16. Rac1 cxd4 17. Nxd4 Nxd4 18. Bxd4 Ba3 19. c3 Bxc1 20. Rxc1 Rfc7 21. Kg1
Ne7 22. Nf3 Nc6 23. Qe3 Qe7 24. Qd2 Qa3 25. Bb5 Nxd4 26. Nxd4 Qa5 27. b4 Qa3 28.
Ne2 Kf7 29. c4 a6 30. Rc3 Qxb4 31. cxd5 Qxb5 32. dxe6+ Ke8 33. Nd4 Qb1+ 34. Kf2
Rxc3 35. Ne2 Rf3+ 0-1

[Event "Hasselbacken Open 2016"]
[Site "Stockholm SWE"]
[Date "2016.04.30"]
[Round "1.41"]
[White "Lindberg, Bo 1984"]
[Black "Wahlstedt, Mats"]
[Result "1-0"]
[WhiteTitle "FM"]
[WhiteElo "2397"]
[BlackElo "1956"]
[WhiteFideId "1705997"]
[BlackFideId "1712250"]
[EventDate "2016.04.30"]

1. d4 Nf6 2. Bg5 c5 3. Nc3 cxd4 4. Qxd4 Nc6 5. Qh4 Qa5 6. O-O-O h6 7. Bxf6 gxf6
8. Kb1 Qb4 9. Qg3 e6 10. e4 a6 11. Nge2 h5 12. h4 Qa5 13. Nf4 Ne7 14. Be2 Qe5
15. Qf3 Ng6 16. Nxh5 Be7 17. g3 b5 18. Nf4 Bb7 19. Nxg6 fxg6 20. Qd3 O-O-O 21.
f4 Qc5 22. Bf3 Bc6 23. a3 a5 24. Ne2 Kc7 25. Nd4 a4 26. c3 Kb6 27. Qe2 Qc4 28.
Qg2 Qc5 29. Rhf1 Kc7 30. e5 f5 31. Bxc6 1-0

[Event "Hasselbacken Open 2016"]
[Site "Stockholm SWE"]
[Date "2016.04.30"]
[Round "1.42"]
[White "Fernandez Lozano, Francesc"]
[Black "Krupenski, Juri"]
[Result "0-1"]
[BlackTitle "FM"]
[WhiteElo "1951"]
[BlackElo "2395"]
[WhiteFideId "2228840"]
[BlackFideId "4501101"]
[EventDate "2016.04.30"]

1. f4 d5 2. Nf3 g6 3. g3 Bg7 4. Bg2 c6 5. c3 Nh6 6. O-O O-O 7. Na3 Nd7 8. d4 Nf6
9. Ng5 Nf5 10. e4 dxe4 11. Nxe4 Nxe4 12. Bxe4 Be6 13. Nc2 Qb6 14. Qe2 Nd6 15.
Bd3 Rfe8 16. Qf2 Qa5 17. Ne3 c5 18. d5 c4 19. Nxc4 Qxd5 20. Nxd6 Qxd6 21. Be2 b6
22. Bf3 Rad8 23. Be3 Bc4 24. Rfd1 Qc7 25. Be2 Rxd1+ 26. Bxd1 e5 27. fxe5 Qxe5
28. Bd2 Bf8 29. b4 Bxb4 30. Kg2 Bd5+ 31. Bf3 Bc5 32. Qf1 Qe2+ 0-1

[Event "Hasselbacken Open 2016"]
[Site "Stockholm SWE"]
[Date "2016.04.30"]
[Round "1.43"]
[White "Sagit, Rauan"]
[Black "Bazan Solera, Manuel"]
[Result "1-0"]
[WhiteTitle "FM"]
[WhiteElo "2389"]
[BlackElo "1948"]
[WhiteFideId "1708376"]
[BlackFideId "2228998"]
[EventDate "2016.04.30"]

1. Nf3 Nf6 2. g3 g6 3. b3 Bg7 4. Bb2 d6 5. d4 O-O 6. Bg2 Nc6 7. O-O Bd7 8. c4
Rb8 9. d5 Na5 10. Bc3 c5 11. Qe1 b6 12. e4 Ng4 13. Bxg7 Kxg7 14. h3 Ne5 15. Nxe5
dxe5 16. Qc3 f6 17. Nd2 Nb7 18. f4 Qc7 19. fxe5 Qxe5 20. Qxe5 fxe5 21. Nf3 Rxf3
22. Rxf3 Nd6 23. Rc3 g5 24. Rcc1 Be8 25. Kf2 Bg6 26. Ke3 h5 27. Rab1 a5 28. a3
Ra8 29. Ra1 Rc8 30. Kd3 Rf8 31. Ra2 h4 32. gxh4 gxh4 33. Ke3 Rf4 34. Rf2 Bxe4
35. Rxf4 exf4+ 36. Kxf4 Bxg2 37. Rg1 Kf6 38. Rxg2 a4 39. bxa4 Nxc4 40. Re2 Nd6
41. Kg4 c4 42. Kxh4 c3 43. Kg4 Nc4 44. Kf4 Nxa3 45. Re6+ Kf7 46. Rxb6 Nc2 47.
Ke4 Ne1 48. Rc6 1-0

[Event "Hasselbacken Open 2016"]
[Site "Stockholm SWE"]
[Date "2016.04.30"]
[Round "1.45"]
[White "Pinilla Sanchez, Josep A."]
[Black "Aguera Naredo, Javier"]
[Result "0-1"]
[BlackTitle "FM"]
[WhiteElo "1945"]
[BlackElo "2369"]
[WhiteFideId "2282496"]
[BlackFideId "2204169"]
[EventDate "2016.04.30"]

1. d4 Nf6 2. c4 g6 3. Nc3 Bg7 4. e4 d6 5. Bd3 O-O 6. Nge2 Nc6 7. O-O Nd7 8. Be3
e5 9. d5 Nd4 10. Bxd4 exd4 11. Nb5 Ne5 12. Nbxd4 c5 13. Nc2 b5 14. Ne3 bxc4 15.
Nxc4 Nxc4 16. Bxc4 Rb8 17. Rb1 Bxb2 18. Qc2 Qf6 19. f4 Bd4+ 20. Nxd4 Qxd4+ 21.
Qf2 Rxb1 0-1

[Event "Hasselbacken Open 2016"]
[Site "Stockholm SWE"]
[Date "2016.04.30"]
[Round "1.47"]
[White "Smith, Lennart"]
[Black "Schneider, Stefan"]
[Result "0-1"]
[WhiteElo "1733"]
[BlackElo "2359"]
[WhiteFideId "1722280"]
[BlackFideId "1703013"]
[EventDate "2016.04.30"]

1. Nf3 Nf6 2. d4 e6 3. g3 c5 4. Bg2 cxd4 5. Nxd4 d5 6. O-O e5 7. Nb3 Nc6 8. Nc3
d4 9. Ne4 Nxe4 10. Bxe4 Bh3 11. Bg2 Bxg2 12. Kxg2 a5 13. a4 Qd5+ 14. f3 Be7 15.
e4 Qe6 16. Qe2 O-O 17. Qb5 Nb4 18. Rf2 Rfc8 19. c3 Qxb3 20. cxb4 Bxb4 21. Qxe5
Be1 22. Rf1 Rc2+ 23. Kh3 Bd2 24. Qxd4 Qe6+ 25. g4 Qh6+ 0-1

[Event "Hasselbacken Open 2016"]
[Site "Stockholm SWE"]
[Date "2016.04.30"]
[Round "1.48"]
[White "Cramling, Dan"]
[Black "Rost, Bjorn"]
[Result "1-0"]
[WhiteTitle "IM"]
[WhiteElo "2354"]
[BlackElo "1938"]
[WhiteFideId "1700162"]
[BlackFideId "1506684"]
[EventDate "2016.04.30"]

1. d4 Nf6 2. c4 c5 3. d5 b5 4. cxb5 a6 5. bxa6 g6 6. Nf3 Bg7 7. Nc3 Bxa6 8. e4
Bxf1 9. Kxf1 d6 10. g3 Nbd7 11. Kg2 Qa5 12. Bd2 O-O 13. a4 Qb4 14. Re1 c4 15.
Nd4 Qb7 16. b3 Nc5 17. bxc4 Nfxe4 18. Nxe4 Bxd4 19. Bh6 Bg7 20. Bxg7 Kxg7 21.
Qd4+ 1-0

[Event "Hasselbacken Open 2016"]
[Site "Stockholm SWE"]
[Date "2016.04.30"]
[Round "1.49"]
[White "Hedin, Niclas"]
[Black "Hedman, Erik"]
[Result "0-1"]
[BlackTitle "FM"]
[WhiteElo "1933"]
[BlackElo "2354"]
[WhiteFideId "1720708"]
[BlackFideId "1702351"]
[EventDate "2016.04.30"]

1. d4 Nf6 2. c4 c5 3. d5 e6 4. Nc3 exd5 5. cxd5 d6 6. e4 g6 7. f4 Bg7 8. Bb5+
Nfd7 9. Be2 O-O 10. Nf3 Na6 11. O-O Re8 12. Nd2 Bd4+ 13. Kh1 Nf6 14. Bf3 Bd7 15.
Nc4 Bxc3 16. bxc3 Nxe4 17. Bxe4 Rxe4 18. Nxd6 Bg4 19. Qxg4 Qxd6 20. c4 Rxc4 21.
Rb1 Qxd5 22. Rb3 Nb4 23. Rh3 Nd3 24. Be3 Re8 25. Qh4 h5 26. Qg3 Qf5 27. Qf3 Rce4
28. Bd2 c4 29. Rg3 Re2 30. Bc3 Qxf4 31. Rxg6+ fxg6 32. Qd5+ Kh7 33. Qxb7+ R8e7
34. Qb1 Qxf1+ 0-1

[Event "Hasselbacken Open 2016"]
[Site "Stockholm SWE"]
[Date "2016.04.30"]
[Round "1.50"]
[White "Rietze, Clemens"]
[Black "Olsson, Tomas"]
[Result "1/2-1/2"]
[WhiteTitle "FM"]
[WhiteElo "2354"]
[BlackElo "1930"]
[WhiteFideId "24620351"]
[BlackFideId "1702696"]
[EventDate "2016.04.30"]

1. d4 Nf6 2. c4 g6 3. Nc3 d6 4. e4 Bg7 5. f3 O-O 6. Be3 b6 7. Nge2 c5 8. d5 e6
9. Ng3 exd5 10. cxd5 a6 11. a4 Nbd7 12. Be2 Rb8 13. O-O Ne8 14. f4 Nc7 15. e5
dxe5 16. f5 Ne8 17. Nge4 Ndf6 18. fxg6 fxg6 19. Qb3 Nd6 20. Nxc5 Nf5 21. Bf2 Nd4
22. Bxd4 exd4 23. N3e4 Nxe4 24. Nxe4 Re8 25. Bf3 Bf5 26. Nf2 Re3 27. Qc4 Be5 28.
Ng4 Bd3 29. Qc6 Bxf1 30. Qe6+ Kg7 31. Nxe5 Qe8 1/2-1/2

[Event "Hasselbacken Open 2016"]
[Site "Stockholm SWE"]
[Date "2016.04.30"]
[Round "1.51"]
[White "Thomasson, Staffan"]
[Black "Nihal, Sarin"]
[Result "0-1"]
[BlackTitle "FM"]
[WhiteElo "1919"]
[BlackElo "2351"]
[WhiteFideId "1706284"]
[BlackFideId "25092340"]
[EventDate "2016.04.30"]

1. g3 Nf6 2. Bg2 d5 3. c4 d4 4. d3 e5 5. Nf3 Nc6 6. O-O h6 7. b4 e4 8. dxe4 Bxb4
9. Bb2 Bg4 10. e5 Nh7 11. Qa4 O-O 12. h3 Bd7 13. Rd1 Qe7 14. Qb3 a5 15. a3 Bc5
16. Nbd2 a4 17. Qc2 Nxe5 18. Nxe5 Qxe5 19. e3 d3 20. Qc1 Qh5 21. Ne4 Bxh3 22.
Qc3 f6 23. Rxd3 Ng5 24. Nxg5 Bxg2 25. Kxg2 hxg5 26. Rh1 Qg6 27. Rd5 c6 28. Rd7
Rf7 29. Rhd1 Re8 30. Qa5 Qe4+ 31. Kh2 Qf5 32. R7d2 g6 33. Rh1 Rh7+ 34. Kg1 Qb1+ 0-1

[Event "Hasselbacken Open 2016"]
[Site "Stockholm SWE"]
[Date "2016.04.30"]
[Round "1.52"]
[White "Lokander, Martin"]
[Black "Ranby, Hans"]
[Result "1-0"]
[WhiteTitle "FM"]
[WhiteElo "2348"]
[BlackElo "1910"]
[WhiteFideId "1709569"]
[BlackFideId "1710311"]
[EventDate "2016.04.30"]

1. d4 Nf6 2. c4 b6 3. Nc3 Bb7 4. Qc2 d5 5. cxd5 Nxd5 6. e4 Nxc3 7. bxc3 e6 8.
Nf3 Be7 9. Bb5+ c6 10. Be2 O-O 11. Bf4 Nd7 12. Rd1 Nf6 13. O-O b5 14. Bd3 h6 15.
Qe2 Qa5 16. Bd2 Qb6 17. e5 Nd5 18. Qe4 g6 19. Bxh6 Nxc3 20. Qg4 Kh7 21. Ng5+
Bxg5 22. Bxg5 Rh8 23. Bf6 Kg8 24. Bxg6 Kf8 25. Bxf7 Ne2+ 26. Kh1 1-0

[Event "Hasselbacken Open 2016"]
[Site "Stockholm SWE"]
[Date "2016.04.30"]
[Round "1.54"]
[White "Mihajlov, Sebastian"]
[Black "Berg, Susanna"]
[Result "1-0"]
[WhiteTitle "FM"]
[BlackTitle "WFM"]
[WhiteElo "2343"]
[BlackElo "1908"]
[WhiteFideId "1512110"]
[BlackFideId "1702505"]
[EventDate "2016.04.30"]

1. d4 d5 2. c4 e6 3. Nc3 c5 4. cxd5 exd5 5. Nf3 Nc6 6. dxc5 d4 7. Na4 Bxc5 8.
Nxc5 Qa5+ 9. Bd2 Qxc5 10. Rc1 Qd6 11. Bc3 Nge7 12. Nxd4 Qg6 13. Qc2 Qg5 14. e3
O-O 15. Nf3 Qh6 16. Be2 Be6 17. O-O Rac8 18. b3 Nd5 19. Qb2 Nxc3 20. Qxc3 Bg4
21. h3 Bf5 22. Qc5 Bd7 23. Rfd1 Qe6 24. Ng5 Qe8 25. Bd3 g6 26. Ne4 Qe5 27. Qxe5
Nxe5 28. Nf6+ Kg7 29. Nxd7 Nxd7 30. Rxc8 Rxc8 31. Bxg6 hxg6 32. Rxd7 Rc1+ 33.
Kh2 Rc2 34. Rxb7 Rxa2 35. Kg3 a5 36. e4 Rb2 37. f3 a4 38. b4 a3 39. Ra7 a2 40.
b5 Kf6 41. b6 Rxb6 42. Rxa2 Rb1 43. Kf4 Rg1 44. h4 Kg7 45. e5 Re1 46. g4 Rd1 47.
Ra7 Re1 48. Ra4 Kh6 49. Re4 Rh1 50. Kg3 Rg1+ 51. Kh2 1-0

[Event "Hasselbacken Open 2016"]
[Site "Stockholm SWE"]
[Date "2016.04.30"]
[Round "1.55"]
[White "Saterli, Johnny"]
[Black "Olund, Joar"]
[Result "0-1"]
[BlackTitle "FM"]
[WhiteElo "1905"]
[BlackElo "2339"]
[WhiteFideId "1730967"]
[BlackFideId "1714848"]
[EventDate "2016.04.30"]

1. e4 g6 2. d4 Bg7 3. Bc4 d6 4. c3 e6 5. Qe2 Ne7 6. Bg5 h6 7. Bh4 g5 8. Bg3 Ng6
9. Nd2 Nc6 10. O-O-O e5 11. d5 Nce7 12. f3 h5 13. Bf2 a5 14. Be3 f6 15. Qf2 Bd7
16. g3 c6 17. dxc6 bxc6 18. Ne2 d5 19. Bd3 O-O 20. f4 f5 21. exd5 Nxd5 22. Bc5
Rf7 23. Bc4 exf4 24. gxf4 g4 25. h3 h4 26. hxg4 fxg4 27. Ne4 g3 28. Qf3 Ne5 29.
Qh5 Bg4 30. Bxd5 cxd5 31. Qxh4 Qxh4 32. Rxh4 dxe4 33. fxe5 Bxe2 34. e6 Rc7 35.
e7 Bxd1 0-1

[Event "Hasselbacken Open 2016"]
[Site "Stockholm SWE"]
[Date "2016.04.30"]
[Round "1.56"]
[White "Berovski, Krum"]
[Black "Berglund, Nils Erik"]
[Result "1/2-1/2"]
[WhiteElo "2339"]
[BlackElo "1895"]
[WhiteFideId "2902931"]
[BlackFideId "1710494"]
[EventDate "2016.04.30"]

1. d4 Nf6 2. c4 g6 3. Nc3 Bg7 4. e4 d6 5. Nf3 O-O 6. Be2 e5 7. d5 a5 8. g3 Na6
9. Nh4 Nc5 10. f3 Nh5 11. Ng2 f5 12. exf5 gxf5 13. f4 Nf6 14. O-O e4 15. Be3 b6
16. Bd4 Bd7 17. Ne3 Qe8 18. h3 Qg6 19. Kh2 Qh6 20. Kg2 Ne8 21. Rf2 Bxd4 22. Qxd4
Qf6 23. Qxf6 Nxf6 24. g4 fxg4 25. hxg4 h6 26. Kg3 Rae8 27. Rh2 Kg7 28. Rah1 Nd3
29. Rxh6 Nxf4 30. g5 Nxe2+ 31. Nxe2 Nh5+ 32. R1xh5 Rf3+ 33. Kg2 Rxe3 34. Nf4 Bf5
35. Rf6 Re5 36. Rh4 Rf3 37. Nh5+ Kg8 38. g6 Bh3+ 39. Rxh3 Rxh3 40. Kxh3 Rxh5+
41. Kg3 Kg7 42. Re6 Rf5 43. Re7+ Kxg6 44. Rxc7 Kf6 45. Rc6 Ke5 46. Rxb6 Kd4 47.
Rxd6 Kxc4 48. Rd8 Kd3 49. d6 e3 50. d7 Rd5 51. Kf3 Rf5+ 52. Kg4 Rd5 53. Kf3 1/2-1/2

[Event "Hasselbacken Open 2016"]
[Site "Stockholm SWE"]
[Date "2016.04.30"]
[Round "1.57"]
[White "Willinger, Tim"]
[Black "Welling, Gerard"]
[Result "0-1"]
[BlackTitle "IM"]
[WhiteElo "1893"]
[BlackElo "2336"]
[WhiteFideId "1739336"]
[BlackFideId "1000446"]
[EventDate "2016.04.30"]

1. d4 d5 2. c4 e6 3. Nc3 c6 4. e4 Bb4 5. e5 Ne7 6. Qg4 c5 7. cxd5 exd5 8. Bb5+
Nbc6 9. Qxg7 Rg8 10. Qxh7 cxd4 11. a3 Qa5 12. Qb1 Qxb5 13. axb4 dxc3 14. bxc3
Bf5 15. Qb3 Rxg2 16. Be3 Nxe5 17. Ra5 Rxg1+ 0-1